Harry Potter - 12 attrapeurs - Statistiques

Statistiques générales
  • Ce quiz a été pris 43 fois
  • Le résultat moyen est 4 sur 12
Answers on the Grid
Answers color-coded by a green-red scale on the quiz's grid according to % correct below.
Ginny Weasley
Alicia Spinnet
Aidan Lynch
Terence Higgs
Ron Weasley
Hermione Granger
Angelina Johnson
Warrington
Cedric Diggory
Katie Bell
Olivier Dubois
Cho Chang
Dean Thomas
Drago Malefoy
Marcus Flint
Viktor Krum
Zacharias Smith
Summerby
Cormac McLagen
Josef Wronski
Harry Potter
Regulus Black
James Potter
Charlie Weasley
 
Statistiques - réponses
Réponse % Correct
Drago Malefoy
67%
Harry Potter
67%
Cedric Diggory
63%
Cho Chang
47%
Viktor Krum
43%
Ginny Weasley
37%
Charlie Weasley
20%
Aidan Lynch
17%
Josef Wronski
17%
Regulus Black
17%
Summerby
13%
Terence Higgs
7%
Aucun quiz correspondant
Distribution des résultats
% des personnes avec chaque résultat
Percentile par nombre de réponses
Votre historique - résultats
Vous n’avez pas pris ce quiz